Načítá se...
Wildlife conservation in managed woodlands and forests
| Hlavní autor: | |
|---|---|
| Médium: | Printed Book |
| Vydáno: |
Basil Blackwell Inc., Cambridge
1991
|
| Témata: |
| LEADER | 00543nam a2200193 4500 | ||
|---|---|---|---|
| 020 | |||
| 082 | |a 333.95416 HAR-W | ||
| 100 | |a Harris, Esmond; Harris, Jeanette | ||
| 245 | |a Wildlife conservation in managed woodlands and forests | ||
| 250 | |||
| 260 | |a Basil Blackwell Inc., Cambridge |c 1991 | ||
| 300 | |||
| 490 | |||
| 500 | |||
| 590 | |a PJ | ||
| 650 | |a Wildlife conservation | ||
| 942 | |c BK | ||
| 999 | |c 91255 |d 91255 | ||
| 952 | |0 0 |1 0 |4 0 |6 333_954160000000000_HARW |7 0 |9 104723 |a ZGY |b ZGY |l 0 |o 333.95416 HAR-W |p ZGY03792 |r 2019-09-25 |w 2019-09-25 |y BK | ||